Представление документа в формате RUSMARC

ПолеНазваниеЗначение
  Тип записи a
  Библиографический уровень m
001 Контрольный номер RU/CBS_UL/BASE/592408393
005 Дата корректировки 20240209174840.7
010 Индекс ISBN __
a ISBN
b Уточнения в пер.
d Цена 35 к.
9 Тираж экз.
100 Данные общей обработки __
a Данные общей обработки 20181009d2018 ||| 0rusy0189 ca
101 Язык документа 0_
a Язык текста rus
102 Страна публикации __
a Страна публикации RU
105 Кодированные данные (монография) __
a Кодированные данные (монография) y###||||000|y
200 Заглавие и сведения об ответственности 1_
a Заглавие Давайте знакомиться и дружить
b Общее обозначение материала Текст
e Сведения, относящиеся к заглавию рассказы и повесть
f Первые сведения об ответственности Н. Н. Куратова
g Последующие сведения об ответственности пер. с коми В. Путилиной
g Последующие сведения об ответственности рис. С. Дешалыт
210 Выходные данные 1_
a Место издания Москва
c Издательство Детская литература
d Дата издания 1984
215 Физическое описание __
a Объем 96 с.
c Иллюстрации/тип воспроизводства ил.
d Формат 21 см.
300 Общие примечания __
a Общие примечания Ограничения по возрасту - 6+ ; (Мл)
300 Общие примечания __
a Общие примечания Под инв. номером 11597: 13-1, 16-1
606 Тематические рубрики 0_
a Основная рубрика Литература Республики Коми, 20-21 вв. - Проза
610 Ключевые слова 0_
a Ключевые слова литература Коми
a Ключевые слова природа
a Ключевые слова волчье лыко
a Ключевые слова растения
a Ключевые слова прогулка по лесу
686 Индексы других классификаций __
a Классификационный индекс 84(2Рос=Ком)
2 Код системы ББК
700 Автор _1
a Фамилия Куратова
b Имя (инициалы) Нина Никитична
g Полное личное имя Н. Н.
801 Источник записи _0
a Страна RU
b Организация МБУК ЦБС
c Дата составления 20181009
g Правила каталогизации RCR
801 Источник записи _1
a Страна RU
b Организация МБУК ЦБС г. Ульяновска
c Дата составления 20181009
g Правила каталогизации RCR
899 Данные о местонахождении __
i Авторский знак К 93
j Расстановочный фильтр Р6=Ком
901 Тип документа __
t Тип документа m
910 Корректоры записи __
a Корректор записи Хисамова